[Event "Barcelona op-A"]
[Site "Barcelona"]
[Date "1998.??.??"]
[Round "4"]
[White "De Simon Arasti, Eduard"]
[Black "Leiro Giralt, Daniel"]
[Result "0-1"]
[WhiteElo "2115"]
[BlackElo "2280"]
[PlyCount "56"]
[EventDate "1998.??.??"]
[EventType "swiss"]
[EventRounds "8"]
[EventCountry "ESP"]
[SourceTitle "EXT 2019"]
[Source "ChessBase"]
[SourceDate "2018.10.10"]
[SourceVersion "1"]
[SourceVersionDate "2018.10.10"]
[SourceQuality "1"]

1. e4 e5 2. f4 Qh4+ 3. g3 Qe7 4. fxe5 d6 5. Nc3 dxe5 6. Bc4 Nf6 7. Bb3 Bg4 8. Nf3 Nc6 9. Ba4 Qc5 10. Bxc6+ Qxc6 11. d3 Bb4 12. Bd2 Bxc3 13. Bxc3 Nxe4 14. dxe4 Qxe4+ 15. Kf2 Rd8 16. Qe2 Qxe2+ 17. Kxe2 e4 18. Kf2 Bxf3 19. Rhe1 0-0 20. g4 Rd5 21. Re3 Rfd8 22. Rae1 f6 23. h4 Kf7 24. Rg1 Rd1 25. Be1 Rb1 26. b3 Rb2 27. Rc3 c6 28. a4 Bd1 0-1